Impuestos y desarrollo económico de Colombia / (Registro nro. 7759)

Detalles MARC
000 -LEADER
fixed length control field 01254nam a2200241Ia 4500
003 - CONTROL NUMBER IDENTIFIER
control field OSt
005 - DATE AND TIME OF LATEST TRANSACTION
control field 20210428110929.0
008 - FIXED-LENGTH DATA ELEMENTS--GENERAL INFORMATION
fixed length control field 210310s1968 ck gr 000 0 spa d
040 ## - CATALOGING SOURCE
Original cataloging agency CO-JMCR
Transcribing agency CO-JMCR
041 0# - LANGUAGE CODE
Language code of text/sound track or separate title spa
082 04 - DEWEY DECIMAL CLASSIFICATION NUMBER
Classification number 336.2 /
Item number C397i
Edition number 23
110 2# - MAIN ENTRY--CORPORATE NAME
Corporate name or jurisdiction name as entry element Centro de Investigación y Acción Social. CIAS
9 (RLIN) 37226
245 10 - TITLE STATEMENT
Title Impuestos y desarrollo económico de Colombia /
Statement of responsibility, etc. Centro de Investigación y Acción Social. CIAS
260 ## - PUBLICATION, DISTRIBUTION, ETC.
Place of publication, distribution, etc. Bogotá :
Name of publisher, distributor, etc. Tercer Mundo,
Date of publication, distribution, etc. 1968
300 ## - PHYSICAL DESCRIPTION
Other physical details 236 páginas ;
Dimensions 21 cm.
490 0# - SERIES STATEMENT
Series statement Colección: Centro de Investigación Acción Social-CIAS ;
Volume/sequential designation 3
500 ## - GENERAL NOTE
General note Incluye notas a pie de página.
505 0# - FORMATTED CONTENTS NOTE
Formatted contents note Estrategia de la política fiscal en los países subdesarrollados -- Incentivos tributarios en Colombia -- El municipio y el departamento frente a la encrucijada fiscal -- Impuestos directos, estructura, efectos y repartición en la sociedad -- La tributación de las sociedades freno al desarrollo -- ¿Tienen los impuestos indirectos una justificación en economías subdesarrolladas? -- Problema fiscal y doctrina cristiana
650 14 - SUBJECT ADDED ENTRY--TOPICAL TERM
Topical term or geographic name entry element Impuestos
9 (RLIN) 15375
Geographic subdivision Colombia
650 24 - SUBJECT ADDED ENTRY--TOPICAL TERM
Topical term or geographic name entry element Desarrollo económico
Geographic subdivision Colombia
9 (RLIN) 6913
650 24 - SUBJECT ADDED ENTRY--TOPICAL TERM
Topical term or geographic name entry element Política fiscal
Geographic subdivision Colombia
9 (RLIN) 6903
942 ## - ADDED ENTRY ELEMENTS (KOHA)
Source of classification or shelving scheme Dewey Decimal Classification
Koha item type Books
Existencias
Withdrawn status Lost status Source of classification or shelving scheme Damaged status Not for loan Collection code Home library Current library Date acquired Source of acquisition Full call number Barcode Date last seen Copy number Koha item type
    Dewey Decimal Classification     Non-fiction Biblioteca Pública José María del Castillo y Rada Biblioteca Pública José María del Castillo y Rada 04/15/2018 Donación 336.2 / C397i 430004535 05/16/2024 Ej.1 Books